| 000 | 00559cam a22001097a 4500 | ||
|---|---|---|---|
| 008 | 180718b1959- xxu||||| |||| 00| 0 eng d | ||
| 082 | _aT31x54 In2j | ||
| 100 | _aIndia. Ministry of Law, Justice and Company Affairs.Department of Company Affairs | ||
| 245 |
_aAlphabetical list of joint stock companies in India-registrations and liquidation _cby Department of Company Affairs, Ministry of Law, Justice and Company Affairs |
||
| 260 |
_aNew Delhi _bThe Controller of Publications _c1959- |
||
| 500 | _aContents: Library has 1959-60,1973-74, 1974-75,1977-78, 1977-80 | ||
| 999 |
_c497931 _d497931 |
||